000
00292nam a2200121Ia 4500
008
220204s9999 xx 000 0 und d
082
_a
547
_b
NOL
100
_a
Carl R
245
0
_a
Chemistry of organic compounds
250
_a
Ed.3
260
_a
Philadelphia
_b
W B Saunders
_c
1966
942
_c
BK
999
_c
24963
_d
24963